• 首页
  • 本馆介绍
  • 公告通知
  • 最新文献
  • 馆藏检索
  • 电子资源
  • 读者导购
  • 参考咨询
  • 我的图书馆
  • 登录
  • 详细信息显示
  • 放入我的书架
  • 预约/预借图书
  • 作者相关作品
  • 分类相关作品
  • 丛书相关作品
  • 出版社相关作品

书目信息

  • 表格格式
  • 工作单格式
  • 卡片格式
题名:
红楼梦
    
 
作者: 徐进 著
分册:  
出版信息: 上海   上海文艺出版社  1979. 4
页数: 116页
开本: 20cm
丛书名:
单 册:
中图分类: I236.55
科图分类:
主题词: 戏剧文学--剧本--中国
电子资源:
ISBN:
000 00565nam0 2200217 45
001 0312221749
005 20040311170300.7
010    @dCNY0.58
091    @a8078.3077
100    @a20031222d1979 km y0chiy0120 ea
101    @achi
105    @a z 000yy
200 1  @a红楼梦@AHong Lou Meng@f徐进著@FXu Jin Zhu@e越剧@EYue Ju
210    @a上海@c上海文艺出版社@d1979. 4
215    @a116页@d20cm
517    @a越剧@AYue Ju
606 0  @a戏剧文学@x剧本@x中国
690    @aI236.55
701 0  @a徐进@4著
801    @aCN@bTSTCL@c20031222
905    @dI236.55@f1@b22173@e1
    
    红楼梦/徐进著:越剧.-上海:上海文艺出版社,1979. 4
    116页;20cm
    
    
    ISBN :CNY0.58
    
●
相关链接 在E读中查询图书 在五车中查询图书 在当当中查询图书 在豆瓣中查询图书


正题名:红楼梦     索取号:I236.55/1         预约/预借

序号 登录号 条形码 馆藏地/架位号 状态 备注
1 0022173   001897870   第一样本阅览室/ [索取号:I236.55/1] 在馆    
唐山师范学院图书馆 欢迎您!
大连网信软件有限公司© 版权所有